Space at the table : conversations between an evangelical theologian and his gay son /

Love does not begin with condemnation. Can an evangelical theologian and his gay son overcome the differences in belief that threaten to destroy their relationship? For Brad and Drew Harper, that question wasn't theoretical and neither was the resounding yes they found after years of struggle....

Full description

Bibliographic Details
Main Authors: Harper, Brad (Author), Harper, Drew (Author)
Format: Book
Language:English
Published: Portland, OR : Zeal Books, [2016]
Edition:First edition.
Subjects:

MARC

Tag First Indicator Second Indicator Subfields
LEADER 00000cam a2200000 i 4500
001 in00004786921
008 151218s2016 oru 000 0deng
005 20240415200043.7
010 |a  2015960380 
035 |a (OCoLC)ocn944135894 
040 |a DLC  |b eng  |e rda  |c DLC  |d OCLCF  |d NZAUC  |d OCLCO  |d BTCTA  |d OCLCQ  |d UOK  |d OCLCO  |d GFC  |d OCLCO  |d OCLCL  |d TXA 
020 |a 9780997066906  |q (pbk.) 
020 |a 0997066903  |q (pbk.) 
035 |a (OCoLC)944135894 
042 |a pcc 
050 0 0 |a BR115.H6  |b H363 2016 
082 1 4 |a 261.8357 H231S 2016 
100 1 |a Harper, Brad,  |e author. 
245 1 0 |a Space at the table :  |b conversations between an evangelical theologian and his gay son /  |c Brad & Drew Harper. 
250 |a First edition. 
264 1 |a Portland, OR :  |b Zeal Books,  |c [2016] 
300 |a 201 pages ;  |c 21 cm 
336 |a text  |b txt  |2 rdacontent 
337 |a unmediated  |b n  |2 rdamedia 
338 |a volume  |b nc  |2 rdacarrier 
520 |a Love does not begin with condemnation. Can an evangelical theologian and his gay son overcome the differences in belief that threaten to destroy their relationship? For Brad and Drew Harper, that question wasn't theoretical and neither was the resounding yes they found after years of struggle. Writing to each other with compassion, grit, and humor, Brad and Drew take us on their journey as parent and child from the churches of Middle America to the penthouses of New York's party scenes, through a pastor's-kid childhood and painful conversion therapy to the hard-won victories of their adult relationship. But Space at the Table is more than just a memoir. It is a guide, showing us a way through the roadblocks that threaten to devastate both families and the broader evangelical and LBGTQ communities. Speaking from their own experience, Brad and Drew offer an invitation to join them at a place where love is stronger than the beliefs that divide us.  |c Publisher. 
500 |a The Cushing Library/Women & Gender Studies copy was acquired as part of The Don Kelly Research Collection of Gay Literature and Culture.  |5 TXA 
650 0 |a Homosexuality  |x Religious aspects  |x Christianity. 
650 0 |a Christian life. 
650 0 |a Fathers and sons  |x Religious aspects  |x Christianity. 
650 0 |a Parents of gay men  |v Biography. 
650 6 |a Homosexualité  |x Aspect religieux. 
650 6 |a Vie chrétienne. 
650 7 |a Christian life.  |2 fast  |0 (OCoLC)fst00859185 
650 7 |a Homosexuality  |x Religious aspects.  |2 fast  |0 (OCoLC)fst00959782 
655 7 |a Autobiographies.  |2 fast  |0 (OCoLC)fst01919894 
655 7 |a Autobiographies.  |2 lcgft 
655 7 |a Autobiographies.  |2 rvmgf 
700 1 |a Harper, Drew,  |e author. 
758 |i has work:  |a Space at the table (Text)  |1 https://id.oclc.org/worldcat/entity/E39PCGtMjgCbkh7bfBjRgVjX3P  |4 https://id.oclc.org/worldcat/ontology/hasWork 
938 |a Baker and Taylor  |b BTCP  |n BK0021464921 
029 1 |a AU@  |b 000057297989 
994 |a Z0  |b TXA 
948 |h HELD BY TXA - 41 OTHER HOLDINGS 
999 f f |s 96b66cad-f6d4-431f-acee-ebeec811fb00  |i fa25373e-5e86-49f2-853a-5bc4c37e7b29  |t 0 
952 f f |p noncirc  |a Texas A&M University  |b College Station  |c Cushing Memorial Library & Archives  |d Cushing: Women & Gender Studies (Does not check out)  |t 0  |e BR115.H6 H363 2016  |h Library of Congress classification  |i unmediated -- volume  |m A1485318832A 
998 f f |a BR115.H6 H363 2016  |t 0  |l Cushing: Women & Gender Studies (Does not check out)